00905nam a2200289Ia 4500001000900000003000500009005001700014008004100031010001100072020001800083040000900101082001400110100003700124245006900161260004800230300001100278503000800289650002400297650003400321650002100355901001400376902000600390905006300396942001500459999001900474952012200493dia_2977CHAP20251023171925.0220117s2001 xx 000 0 und d a173481 a84-7356-270-4 cCHAP a658.15 N3 aNavarro Garcia, Fernando9129165 aEstrategias de Marketing Ferial /c por Fernando Navarro Garcia aMadrid, España :b ESIC Editorial,c2001 a317 p. aC/e a1.Mercadeo 9148054 aDesarrollo económico932047 aMercados 974925 a658.15 N3 aM a0000002001 sp A 0000000000spa00 cLIBRO2ddc c173481d173481 00102ddc40708GRALaIA_bIA_c1d2022-01-18f1l1pdia_5677r2024-08-13 19:16:53s2024-08-13t1w2022-01-18yLIBRO